000 00716nam a2200253Ia 4500
003 OSt
005 20220926012133.0
006 a|||||r|||| 00| 0
007 ta
008 220923b |||||||| |||| 00| 0 eng d
020 _a465067980
037 _cGeneral Book
040 _aRTL
_cRTL
_beng
041 _2eng
_aeng
082 _aY7.1-1.N7, L0
100 _aBerghe Pierre L van den
_9315579
245 0 _aRace and ethnicity
_b Essays in comparative sociology
260 _aNew York
_bBasic Books USA
_c1970
300 _aviii, 312p
_ccm.
500 _aIndex:P304-312
650 _aRace
942 _hY7.1-1.N7, L0
_cGB
_2CC
999 _c621825
_d621825